000 00484nam a2200193Ia 4500
999 _c12326
_d12326
003 0100
005 20190701111259.0
008 130303s9999 xx 000 0 und d
020 _a674259858
040 _cARRUPELIB
050 _aHB171.B323 1981
100 _aBauer, P. T
_946661
245 _aEquality, the Third World, and economic delusion
260 _aCambridge
_bHarvard U. P.
_c1981
300 _ax
300 _b 293p. 25cm.
650 _bEquality
_913418
942 _2lcc
_cMONOGRAPH